La luna llena un silencio /

Este libro de poemas se abre para los lectores a la sonoridad, al ritmo y a la rima de lo pequeño, de lo imaginado, de lo soñado y de lo narrado y...dicen que la luna/ reparte en su viaje/ colores que el viento/ le roba al paisaje./ Y que algunas veces/ se interna en el mar/ y duerme en los bosques/...

Descripción completa

Guardado en:
Autor Principal: Ramos, María Cristina.
Otros Autores: Alenda, Paula; il.
Formato: Libro
Idioma:Undetermined
Publicado: Buenos Aires : Aique, 2012.
Edición:1a ed. 1a reimp.
Series:Sopa de libros
Materias:
Etiquetas: Agregar Etiqueta
Sin Etiquetas, Sea el primero en etiquetar este registro!
LEADER 01592nam a22002655a 4500
001 CEM.cems024365
008 241113s2012####ag############000#0#und#d
005 20241113161214.0
245 1 0 |a La luna llena un silencio /  |c María Cristina Ramos ; Ilustraciones de Paula Alenda. 
250 |a 1a ed. 1a reimp. 
260 |a Buenos Aires :  |b Aique,  |c 2012. 
300 |a 80 p. 
490 1 |a Sopa de libros 
500 |a A partir de 8 años. 
500 |a Glosario p. 71. 
505 0 |a Fantasmita -- Resplandor -- En la rama estaba -- ¿Será verdad? -- Alto trinar -- La campana del sol -- Gaviotas -- El nido -- Caracolas -- Peces -- La vecina -- Nieve -- Abrir la ventana -- Palabras -- Solo el mar -- ¿Qué será? -- Las alas de la rosa -- Para beber -- Decir -- Sobre el llano de la mar -- El bastón -- El hilo -- Cielo -- Cien hojas -- Cuántos dedos tiene el sapo -- En sombra mayor -- Un ratón -- Aviso -- La luna -- La ventana -- Silencio de seda 
520 |a Este libro de poemas se abre para los lectores a la sonoridad, al ritmo y a la rima de lo pequeño, de lo imaginado, de lo soñado y de lo narrado y...dicen que la luna/ reparte en su viaje/ colores que el viento/ le roba al paisaje./ Y que algunas veces/ se interna en el mar/ y duerme en los bosques/ blancos de coral. 
020 |a 9789870602576 
100 1 |a Ramos, María Cristina. 
700 1 |a Alenda, Paula; il. 
653 |a Literatura argentina 
653 |a Literatura infantil 
653 |a Poesía infantil 
653 |a Poesía argentina 
859 |a CEMS  |b BIB. CEMS - Inicial y Primaria  |h A861.4  |i R147-2  |k IP  |p 4035  |t Ej.1